Kingdom of ash (Record no. 6303)

000 -LEADER
fixed length control field 00724cam a22001938i 4500
020 ## - ISBN
ISBN 9781408872918
082 00 - DEWEY DECIMAL CLASSIFICATION NUMBER
Classification number Fic M112 2018
100 1# - MAIN ENTRY--PERSONAL NAME
Personal name Maas, Sarah J.
245 10 - TITLE STATEMENT
Title Kingdom of ash
Statement of responsibility, etc. Sarah J. Maas.
Remainder of title a throne of glass novel
260 ## - PUBLICATION, DISTRIBUTION, ETC. (IMPRINT)
Place of publication, distribution, etc. London, UK
Name of publisher, distributor, etc. Bloomsbury Publishing Plc
Date of publication, distribution, etc. c2018
300 ## - PHYSICAL DESCRIPTION
Extent/Page number 984 p.
490 0# - SERIES STATEMENT
Series statement A throne of glass
Volume/sequential designation [7]
520 ## - SUMMARY, ETC.
Summary, etc. With Aelin locked in an iron coffin by Queen of the Fae Maeve, Aedion and Lysandra struggle to defend Terrasen, Chaol, Manon, and Dorian face their own fates, and Rowan seeks his captured wife and queen.
526 ## - STUDY PROGRAM INFORMATION NOTE
PROGRAM TYPE FICTION
650 #1 - SUBJECT ADDED ENTRY--TOPICAL TERM
Topical term or geographic name as entry element Fantasy.
650 #1 - SUBJECT ADDED ENTRY--TOPICAL TERM
Topical term or geographic name as entry element Kings, queens, rulers, etc.--Fiction.
650 #1 - SUBJECT ADDED ENTRY--TOPICAL TERM
Topical term or geographic name as entry element Fairies--Fiction.
942 ## - ADDED ENTRY ELEMENTS
Classification
Item type Book
Holdings
Withdrawn status Lost status Source of classification or shelving scheme Damaged status Not for loan Collection code Permanent Location Current Location Shelving location Date acquired Source of acquisition Cost, normal purchase price Inventory number Total Checkouts Full call number Barcode Date last seen Date last checked out Copy number Cost, replacement price Price effective from Item type
          Fiction High School Library High School Library Fiction 2019-12-04 Library Budget 559.00 7419 1 Fic M112 2018 HS7419 2022-03-25 2022-03-07 1 759.00 2019-12-11 Book